Làm chủ Windows Server 2003. Tập 1 /
Chương 1:Tổng quan về Windowns Server 2003.
Uloženo v:
| Hlavní autor: | |
|---|---|
| Další autoři: | |
| Médium: | Kniha |
| Jazyk: | Vietnamese |
| Vydáno: |
Tp.HCM :
Nhà xuất bản Thống kê ,
2007
|
| Témata: | |
| Tagy: |
Přidat tag
Žádné tagy, Buďte první, kdo otaguje tento záznam!
|
| Thư viện lưu trữ: | Thư viện Trường CĐ Kỹ Thuật Cao Thắng |
|---|
| LEADER | 01426nam a2200313 a 4500 | ||
|---|---|---|---|
| 001 | TVCDKTCT6433 | ||
| 003 | Thư viện trường Cao đẳng Kỹ thuật Cao Thắng | ||
| 005 | 20170524073639.5 | ||
| 008 | 070306 | ||
| 980 | \ | \ | |a Thư viện Trường CĐ Kỹ Thuật Cao Thắng |
| 024 | |a RG_1 #1 eb0 i1 | ||
| 041 | 0 | # | |a vie |
| 082 | # | # | |a 005 / |b L104C-p |
| 100 | 1 | # | |a Hoàng Đức Hải |
| 245 | 0 | 0 | |a Làm chủ Windows Server 2003. Tập 1 / |c Hoàng Đức Hải, Phạm Hoàng Dũng |
| 260 | # | # | |a Tp.HCM : |b Nhà xuất bản Thống kê , |c 2007 |
| 300 | # | # | |a 723tr. ; |c 24cm |
| 520 | # | # | |a Chương 1:Tổng quan về Windowns Server 2003. |
| 520 | # | # | |a Chương 2: Kiến thức cơ sở về Phần mềm Nối mạng, các Server, và Bảo mật mạng. |
| 520 | # | # | |a Chương 3: Microsoft Management Consolle. |
| 520 | # | # | |a Chương 4: Registry của Windows Server 2003. |
| 520 | # | # | |a Chương 5: Cài đặt và triển khai Windowns Server 2003. |
| 520 | # | # | |a Chương 6: Tìm hiểu và sử dụng TCP/IP trong Windows Server 2003. |
| 520 | # | # | |a Chương 7: Cơ sở hạ tầng TCP/IP: DHCP, WINS, và DNS |
| 520 | # | # | |a Nội dung cuốn sách gồm |
| 650 | # | 4 | |a Windows Server 2003 |
| 700 | 0 | # | |a Phạm Hoàng Dũng |
| 721 | # | # | |a Công nghệ thông tin |
| 841 | # | # | |b Kho Sách |j 100020181, 100020193 |